Dictionnaire nouveau des langes françoise et espagnole ... / (Record no. 165457)

MARC details
000 -LEADER
campo de control de longitud fija 01111nam a22002535i 4500
001 - NÚMERO DE CONTROL
campo de control 165457
003 - IDENTIFICADOR DE NÚMERO DE CONTROL
campo de control ES-MaACL
005 - FECHA Y HORA DE LA ÚLTIMA TRANSACCIÓN
campo de control 20230906213135.0
008 - DATOS DE LONGITUD FIJA--INFORMACIÓN GENERAL
campo de control de longitud fija 940202s1760 be |||| | fre d
040 ## - FUENTE DE CATALOGACIÓN
Centro catalogador/agencia de origen CARM
Lengua de catalogación spa
100 1# - ENTRADA PRINCIPAL--NOMBRE DE PERSONA
Nombre de persona Sobrino, Francisco.
9 (RLIN) 107002
245 10 - MENCIÓN DEL TÍTULO
Título Dictionnaire nouveau des langes françoise et espagnole ... /
Mención de responsabilidad, etc. par François Sobrino ... ; tome second.
250 ## - MENCION DE EDICION
Mención de edición Sixiéme edition considérablement augmentée, & corrigée de nouveau.
260 ## - PUBLICACIÓN, DISTRIBUCIÓN, ETC.
Lugar de publicación, distribución, etc. A Bruxelles :
Nombre del editor, distribuidor, etc. chez Henri-Albert Gosse & Comp. libraires & Imprimeurs,
Fecha de publicación, distribución, etc. 1760.
300 ## - DESCRIPCIÓN FÍSICA
Extensión [4], 604 p. ;
Dimensiones 4\so\p.
597 ## - NOTA DE DESCRIPCIÓN FÍSICA
NOTA DE DESCRIPCIÓN FÍSICA Sign.: [@]\p1\s, *\p1\s, A-Z\p4\s, 2A-2Z\p4\s, 3A-3Z\p4\s, 4A-4F\p4\s, 4G\p2\s.
597 ## - NOTA DE DESCRIPCIÓN FÍSICA
NOTA DE DESCRIPCIÓN FÍSICA Texto a tres col.
597 ## - NOTA DE DESCRIPCIÓN FÍSICA
NOTA DE DESCRIPCIÓN FÍSICA Port. a dos tintas con grab. xil.
650 #7 - PUNTO DE ACCESO ADICIONAL DE MATERIA--TÉRMINO DE MATERIA
Término de materia o nombre geográfico como elemento de entrada Lengua francesa-
Subdivisión de forma Diccionarios.
9 (RLIN) 14205
650 07 - PUNTO DE ACCESO ADICIONAL DE MATERIA--TÉRMINO DE MATERIA
Término de materia o nombre geográfico como elemento de entrada Lengua española-
Subdivisión de forma Diccionarios.
9 (RLIN) 14137
700 1# - ENTRADA AGREGADA--NOMBRE PERSONAL
Nombre de persona Gosse, Henri Albert.
9 (RLIN) 127490
752 ## - ENTRADA AGREGADA--NOMBRE JERÁRQUICO DEL LUGAR
País o entidad superior Bélgica -
Ciudad Bruselas
852 ## - LOCALIZACIÓN
Ubicación ES-MaACL
Número de control de estantería R-765-66
Nota libre -- Enc. pasta española grab. con hierros
Signatura antigua -- Olim: G-6777-8
Encuadernación -- Edic.: El grab. de la port. es calc.
Holdings
Estatus retirado Estado de pérdida Estado de daño No para préstamo Colección Biblioteca de origen Biblioteca actual Ubicación en estantería Fecha de adquisición Total de préstamos Signatura topográfica completa Código de barras Visto por última vez Precio de reemplazo Tipo de ítem Koha
        Libros del s. XVIII Biblioteca del Ateneo de Madrid Biblioteca del Ateneo de Madrid Depósito 17/01/2008   R-765-66 1173502 23/02/2023 23/02/2023 Libro impreso antiguo